000 00548nam a2200229Ia 4500
003 OSt
005 20221005123518.0
006 a|||||r|||| 00| 0
007 ta
008 221004b |||||||| |||| 00| 0 eng d
024 _a60079
037 _cTextual
040 _aCRL
_cCRL
_beng
041 _2eng
_aeng
082 _aV2:4wL69, F0
100 _aMaxwell W H
_9633768
245 0 _aLife of Wellington
260 _c1920
650 _aHISTORY
942 _hV2:4wL69, F0
_cTEXL
_2cc
999 _c1047645
_d1047645